000 01124nam a22002657a 4500
003 PE SENCICO BE
005 20251020182651.0
008 240202b |||||||| |||| 00| 0 eng d
040 _aPE SENCICO BE
_cPE SENCICO BE
041 _aspa
084 _aI
_aDIS
_a2016
_bG22
100 1 _91929
_aGamarra Baca, Sofía Belén
_eautor
245 1 _aIluminación, luminarias y sistemas especiales para una sala de exposición /
_cSofía Belén Gamarra Baca
260 _aLima :
_c2016
300 _a2 v. :
_bil. col., planos;
_c30 cm.
500 _aTexto en dos volúmenes. El volumen 2 contiene planos (40 x 60 cm.).
502 _aMonografía de Titulación.-- Servicio Nacional de Capacitación para la Industria de la Construcción. Escuela Superior Técnica. Carrera Profesional Técnica en Diseño de Interiores, 2016
650 1 0 _963
_aIluminación
650 2 0 _944
_aDiseño de interiores
650 2 0 _91838
_aLuminarias
650 2 0 _9615
_aPlanos
710 1 _aServicio Nacional de Capacitación para la Industria de la Construcción.
_bEscuela Superior Técnica
_91065
910 _bhfp
_chfp
942 _cMON
_2ddc
999 _c4545
_d4545